000 01433cam a22002295a 4500
001 ##L126279
002 ##7860
008 040525s2004 f 000 0 eng d
020 _a0728204290
035 _a(Sirsi) u126279
041 0 _aeng
050 0 4 _a333.3307 $2 18
100 1 _aImber, Austen
245 0 0 _aHow to pass the APC
_bessential advice for general practice surveyors
260 _aLondon
_bEGI
_c2004
300 _aviii, 156p.
_c24cm.
350 _a25
520 _aBuilt around the needs of general practice surveyors, this book guides candidates through the APC process in line with their own competencies, including valuation; marketing; landlord and tenant; estate management; rating; and planning and development work; together with more specialist areas. Gives comprehensive coverage of the fundamental elements of the APC. Detailed consideration is given to the subject of the critical analysis, including a real life example. Takes into account individual circumstances, and how this affects assessors' questioning on the day of the interview. Highlights the essentials, showing how to approach the presentation and interview. A bank of examples of real APC questions is included, together with illustrative responses to demonstrate how the interview process works.
590 _aKA
690 _aCAREERS, EDUCATION AND TRAINING-QUALIFICATION ROUTES-ASSESSMENT OF PROFESSIONAL COMPETENCE
942 _n0
999 _c103596
_d103596